000 00934nam a22002177a 4500
003 OSt
005 20210301170121.0
008 210301s1980 ck abd|gr|||| 00| 0 spa d
040 _aCO-JMCR
_cCO-JMCR
041 0 _aspa
082 0 4 _a333.822861 /
_bA185c
_223
100 1 _aAcosta M., Amylkar,
_eautor
_914195
245 _a La crisis energética y el carbón en Colombia :
_besperanza y frustración /
_cAcosta M., Amylkar
250 _aPrimera edición
260 _aMedellín, Colombia :
_bLealon,
_c1980
300 _a146 páginas ; 1 página plegada :
_bilustraciones, mapas y graficos en blanco y negro ;
_c24 cm.
505 _ala geografía política del carbón -- Eclipse del petroleó y despuntar del carbón -- Colombia en la encrucijada -- Realidad y perspectiva del carbón en Colombia -- El Cerrejón
650 1 4 _aRecursos de energía
_zColombia
_914196
650 1 4 _aCarbón
_zColombia
_914197
942 _2ddc
_cBK
999 _c7396
_d7396